100 Tiny Movie Scenes III Quiz Stats

 Plays Quiz Updated Jun 3, 2014

Challenge
Share
Tweet
Score 0/100 Timer 15:00
1 Play Today
Movie % Correct
Free Willy
85.2%
Braveheart
84.8%
Mary Poppins
80.5%
The Green Mile
78.5%
Bee Movie
78.4%
Anchorman: The Legend…
74.5%
Frankenstein
74.2%
Gladiator
73.6%
Elf
73.6%
The Hunger Games
72.7%
Stuart Little
70.3%
Austin Powers in Goldmember
69.9%
The Social Network
69.1%
Saw
69%
Die Hard
68.2%
Paul Blart: Mall Cop
65.8%
Risky Business
62.5%
A League of Their Own
61.6%
Kick-Ass
61.5%
The Mask
61.3%
Jerry Maguire
60.7%
The Rescuers
60.4%
The Ten Commandments
60%
A Few Good Men
58.3%
Bad Santa
56.3%
The Hangover
56%
The Help
55.9%
Dick Tracy
52.2%
Honey, I Shrunk the Kids
52.2%
North by Northwest
52.1%
Eyes Wide Shut
51.7%
The Silence of the Lambs
50.7%
Good Morning, Vietnam
50.5%
Sleeping Beauty
48.9%
Movie % Correct
Lion/Witch/ Wardrobe
48.9%
Uncle Buck
47.9%
Memento
47.5%
Rebel Without a Cause
45.6%
Se7en
45.2%
James and the Giant Peach
43.2%
Chicken Run
43.1%
O Brother, Where Art Thou?
42.9%
(500) Days of Summer
42.2%
American Pie
41.9%
Marley & Me
41.5%
Gone with the Wind
40.4%
The Karate Kid
40.2%
Smokey and the Bandit
38.3%
Knocked Up
38%
Team America: World Police
35%
Dracula
34.9%
Almost Famous
32.7%
Dr. No
32.7%
Predator
32%
Neverending Story
31.4%
Burn After Reading
31.4%
8 Mile
30.9%
The Other Boleyn Girl
30.6%
The Hunt for Red October
29.6%
The Fugitive
29.3%
The Fighter
28.3%
Bedknobs and Broomsticks
26.9%
Weird Science
26.8%
Babe
25.6%
The Italian Job
25.4%
True Lies
23.9%
Amélie
23.8%
From Here to Eternity
23.4%
Movie % Correct
The Tree of Life
23.1%
Beowulf
23%
Forgetting Sarah Marshall
22.8%
Metropolis
22.3%
Thelma & Louise
22.1%
Roxanne
21.4%
Best in Show
20.5%
Willow
20.3%
Revenge of the Nerds
20.2%
Sweeney Todd
20.2%
Trading Places
19.2%
Fletch
18%
The Village
17.5%
American Beauty
17.3%
Sunset Boulevard
16.4%
The Lord of the Rings
15.1%
Cape Fear
14.8%
Snakes on a Plane
14.3%
Pink Floyd - The Wall
14.3%
Zombieland
14.2%
The Name of the Rose
13.8%
Hot Fuzz
13.6%
Scary Movie
12.9%
About Schmidt
12.9%
Superman II
11%
Heavy Metal
10.7%
The Kid
9.9%
Jackass: The Movie
9.4%
Boogie Nights
8.9%
The Holy Grail
7%
To Die For
6.9%
The Golden Compass
6%

You're not logged in!

Compare scores with friends on all Sporcle quizzes.
OR
Log In

You Might Also Like...

Show Comments

Extras

Top Quizzes Today


Score Distribution

Your Account Isn't Verified!

In order to create a playlist on Sporcle, you need to verify the email address you used during registration. Go to your Sporcle Settings to finish the process.

Report this User

Report this user for behavior that violates our Community Guidelines.

Details: